Methodological problems in cross-cultural research: an updated review.

Skúma sa metodika výskumu špecifiky kultúr krajín sveta, z polohy medzinárodného podnikania. Skúmané problémy sú kritériá, metodologická a teoretická jednoduchosť, výber vzoriek a inštrumentácia, analýza údajov a zovšeobecnenie výsledkov.

Salvato in:
Dettagli Bibliografici
Natura: Capitolo di libro
Lingua:inglese
Soggetti:
Tags: Aggiungi Tag
Nessun Tag, puoi essere il primo ad aggiungerne!!

MARC

LEADER 00000naa a2200000 4500
001 r005022
005 20221130103647.8
041 0 |a eng 
044 |a DE 
245 1 0 |a Methodological problems in cross-cultural research: an updated review. 
520 |a Skúma sa metodika výskumu špecifiky kultúr krajín sveta, z polohy medzinárodného podnikania. Skúmané problémy sú kritériá, metodologická a teoretická jednoduchosť, výber vzoriek a inštrumentácia, analýza údajov a zovšeobecnenie výsledkov. 
610 2 0 |a podnikanie v zahraničí 
610 2 0 |a kultúra 
610 2 0 |a svet 
610 2 0 |a porovnanie štatistické medzinárodné 
610 2 0 |a výskum 
610 2 0 |a metodológia